| 000 | 01057nas a2200337 4500 | ||
|---|---|---|---|
| 001 | BR0401437 | ||
| 003 | BR-BrBNA | ||
| 005 | 20231205104420.0 | ||
| 007 | ta | ||
| 008 | 230509b bl.|||p| |||| 00| 00por d | ||
| 040 |
_aBR-BrBNA _bpor _cBiblioteca Nacional de Agricultura |
||
| 041 | _a(Pt) | ||
| 072 | _aH50; F61 | ||
| 100 | 1 | _aPaiva, H.N. de | |
| 100 | 1 | _aCarvalho, J.G. de | |
| 100 | 1 | _aSiqueira, J.O. | |
| 100 | 1 | _aFernandes, A.R. | |
| 100 | 1 | _aMiranda, J.R.P. de | |
| 245 | 1 | _aEfeito da aplicação de doses crescentes de níquel sobre o teor e o conteúdo de nutrientes em mudas de ipê-roxo (Tabebuia impetiginosa (Mart.)Standley | |
| 650 | _aIPÊ ROXO | ||
| 650 | _aNÍQUEL | ||
| 650 | _aTOXIDEZ | ||
| 650 | _aNUTRIENTE | ||
| 650 | _aMATÉRIA SECA | ||
| 650 | _aRESPOSTA DA PLANTA | ||
| 650 | _aNUTRIÇÃO VEGETAL | ||
| 650 | _aSOLUÇÃO NUTRITIVA | ||
| 773 | 0 |
_tScientia Forestalis (Brazil) _xISSN 1413-9324 _g(Jun 2003), (no. 63) p. 158-166 _wBR0401437 |
|
| 909 |
_a202311 _bLúcia _c55 _dLúcia Elande |
||
| 942 |
_2AGRIS _n0 _cANA |
||
| 999 |
_c178024 _d178024 |
||